B11 バス停名クイズ - 高槻市営バス ver. - Statistics

General Stats
  • This quiz has been taken 15 times
  • The average score is 47 of 256
Answer Stats
Answer % Correct
JR高槻駅南
83%
JR高槻駅北
75%
出灰
58%
萩谷
50%
阪急高槻駅
50%
宮田
50%
大阪医科薬科大学(薬学部)
50%
北大塚
42%
公団阿武山
42%
栄町
42%
巡礼橋
42%
将棋会館前
42%
消防署前
42%
塚原
42%
日赤病院
42%
土室
42%
土室南
42%
原大橋
42%
阪急富田駅
42%
JR富田駅
42%
阿武野一丁目
33%
阿武野校前
33%
阿武山口
33%
川久保
33%
関西大学
33%
郡家
33%
サンスター前
33%
車庫前
33%
道鵜町
33%
富田団地
33%
中畑
33%
奈佐原
33%
南平台
33%
西塚原
33%
日赤病院南
33%
二料
33%
萩谷総合公園
33%
柱本
33%
二十
33%
平安女学院大学
33%
平安女学院大学東
33%
前島
33%
四中前
33%
霊松寺
33%
六中前
33%
緑が丘(みどりヶ丘病院前)
33%
宮田南(大阪紙器工業前)
33%
芥川小学校前
25%
芥川商店街
25%
安満
25%
安満遺跡公園東
25%
美しが丘
25%
岡本
25%
岡本西
25%
樫田校前
25%
梶原
25%
梶原東
25%
春日町
25%
上成合
25%
上の池公園
25%
上の池公園南
25%
上土室
25%
川西
25%
寿町
25%
砕石場前
25%
栄町一丁目
25%
沢良木町
25%
下の口
25%
市役所前
25%
杉生
25%
辻子
25%
高槻橋
25%
竹の内小学校前
25%
田能
25%
塚原口
25%
塚脇
25%
寺谷町
25%
富田丘町
25%
富田支所
25%
南平台小学校前
25%
西之川原
25%
西の口
25%
西町
25%
萩之庄
25%
萩之庄南
25%
柱本団地
25%
服部
25%
氷室
25%
松原
25%
宮田公民館前
25%
宮之川原
25%
明治大阪工場前
25%
安満遺跡公園(子ども未来館)
25%
野田(第一東和会病院前)
25%
八丁畷(大阪医科薬科大学病院前 (北門))
25%
安満新町
17%
安岡寺住宅
17%
磐手校前
17%
磐手橋
17%
美しが丘西
17%
奥天神
17%
樫田郵便局前
17%
梶原西
17%
上奈佐原
17%
上の口
17%
唐崎
17%
唐崎北
17%
唐崎橋
17%
唐崎南
17%
川久保峠
17%
北郵便局前
17%
郡家新町東
17%
郡家本郷
17%
古曽部防災公園
17%
幸町
17%
鷺打橋
17%
三箇牧校前
17%
三中前
17%
芝生住宅
17%
芝生住宅東口
17%
下田部
17%
下田部団地
17%
下天神
17%
城西町
17%
城西橋
17%
城東町
17%
森林センター前
17%
大和
17%
高垣町
17%
玉川橋団地
17%
中央公園
17%
月見台
17%
東和町
17%
富田団地中央
17%
富田団地東
17%
富田東
17%
中畑回転場
17%
中畑西
17%
成合
17%
南平台東
17%
二中前
17%
阪急上牧駅
17%
番田
17%
桧尾川
17%
東天川
17%
東公園
17%
日吉台西
17%
日吉台西公園
17%
別所
17%
別所本町公園南
17%
変電所前
17%
真上
17%
真上南
17%
松が丘
17%
南公園
17%
夜間休日応急診療所前
17%
霊仙寺
17%
六中西
17%
若松町
17%
道鵜町北口(サンユレック前)
17%
天川町
8%
安岡寺東
8%
今城塚古墳前
8%
浦堂
8%
大冠校前
8%
大冠町
8%
樫船神社
8%
梶原南
8%
上天神
8%
唐崎西口
8%
空谷橋
8%
上牧北
8%
上牧中央
8%
上牧南
8%
北大冠校前
8%
北大樋町
8%
クリンピア前島
8%
国道梶原
8%
国道上牧西
8%
古曽部台
8%
五領公民館前
8%
栄町東
8%
桜ケ丘
8%
芝谷古墳前
8%
芝谷東
8%
芝生住宅南
8%
芝生西口
8%
下萩谷
8%
庄所
8%
大蔵司
8%
大和北
8%
塚原二丁目
8%
天王町
8%
登美の里
8%
中畑口
8%
成合中町
8%
南平台西口
8%
西切
8%
西之川原中
8%
西之川原橋
8%
二中西
8%
如是校前
8%
如是南
8%
二料山荘
8%
服部図書館前
8%
原立石
8%
東庄所
8%
東五百住
8%
深沢住宅
8%
深沢住宅南口
8%
伏原
8%
別所新町
8%
別所本町公園北
8%
三島江
8%
南大樋町
8%
名神町
8%
山手町
8%
淀の原北
8%
淀の原南
8%
北柳川町(北摂総合病院前)
8%
南平台三丁目西(共働舎花の会前)
8%
藤の里(しもむら内科クリニック前)
8%
井尻
0%
大谷橋
0%
学園前
0%
梶原中
0%
神峰山口
0%
川西滞留所
0%
北南平台
0%
砕石場上
0%
西面口
0%
芝谷町
0%
芝生住宅北口
0%
下田部団地口
0%
須賀町
0%
清福寺
0%
大蔵司北
0%
田能口
0%
田能西条
0%
玉川口
0%
津之江
0%
つるが谷
0%
天王町西
0%
中萩谷
0%
成合旭橋
0%
南平台南
0%
萩谷公民館前
0%
原砕石場
0%
東上牧
0%
日吉台口
0%
不二が原
0%
三島江南口
0%
三島の郷前
0%
柳川町
0%
西冠(にしけん脳神経外科前)
0%
日吉台東口(長浜製作所前)
0%
No matching quizzes found
Score Distribution
Percent of People with Each Score
Percentile by Number Answered
Your Score History
You have not taken this quiz